000 00641nam a2200241 a 4500
001 nice12345678
003 IN_TiNIC
005 20260116013106.0
008 050524s1964 cama grp 000 0 eng
020 _a
_c195
082 0 0 _a183
_bLEW
100 _aLewis, C S
245 _aDiscarded Image
_b an Introduction to Medieval and Renaissance Literature
260 _aCambridge
_bCambridge University Press
_c1964
300 _a232p
500 _aincludes index and biblioraphy
505 2 _aEpilogue, Index
650 _aPhilosophy-Medieval-Western
700 1 _aLewis, C S
902 _bSRS
942 _cBK
999 _c9620
_d9620